zpět

Detail výsledku týmu

The Pub Praha 2 PO, Praha

Datum a čas kvízu

43 Celkem bodů Celkový počet nahraných bodů na tomto kvízu bez doplňovacích otázek.
4. Pořadí na kvízu Konečné umístění týmu na tomto kvízu.

Zaznamenané odpovědi

# Otázka Odpověď Body Výsledky
1. Která společnost začala minulý... Foodora 1
2. Odstín které barvy byl americk... bílé 1
3. Spousta z vás si jistě minulý... Bad Bunny 1
4. Která společnost vyhrála minul... Netflix 1
5. Finiš dostihu v Otaki na Novém... D) žokeje vyhodil ze sedla hlavou soupeřův kůň 1
6. Jak jinak začít toto téma, než... žlutý trpaslík 0.5
7. Další otázku věnujme Zemi. Jed... 6378 km 1
8. Nyní se podíváme na planety, c... Merkur; Venuše 1
9. Na řadě je rychlost planet. Co... B 0
10. Přiřaďte názvy těchto čtyř pla... 1B; 2D; 3C; 4A 0